000 00881nam a22002297a 4500
999 _c3688
_d3688
003 AR-CdUCM
008 190307b ||||| |||| 00| 0 spa d
040 _aMUNICIPALIDAD PROVINCIAL DEL CUSCO
_cBIBLIOTECA MUNICIPAL DEL CUSCO
082 _24ed.
_a323.31 /
_bV39
100 _aVeblen, Thorstein
_911965
245 _aTeoría de la clase ociosa /
260 _aMéxico :
_bFondo de Cultura Económica,
_c1966.
300 _a406 páginas ;
_c17 cm.
440 _aColección popular
_n50
_911966
505 _aContenido: Emulación pecuniaria -- El ocio ostensible -- El nivel pecuniario de vida -- Cánones pecuniarios de gusto -- El vestido como expresión de la cultura pecuniaria ...
650 _aClases sociales
_92411
650 _aElite
_911967
650 _aConservadurismo
_911968
700 _aHerrero, Vicente (traductor)
_911969
942 _2ddc
_cLIBROS
945 _aafb